000 01620nam2a22003011 4500
001 v19\rc\1468242
005 20250618145559.0
035 _a(NLR Aleph) 004604277
090 _a2827353
_c2827353
100 _a20060620d1900 |||y0rusy50 ca
101 0 _arus
102 _aRU
105 _aa z |||||
200 1 _a[О деятельности агрономических смотрителей в Костромской губернии за 1900 год]
_eК очередному... сессии 1900 года
210 _d1900
_aБ. м.
215 _a102 с., 3 л. диагр.
461 0 _1001v19\rc\1468224
_12001#$aДоклады Костромской губернской земской управы Губернскому земскому собранию [по отдельным вопросам] ...$v[О деятельности
_92827124
_aКостромская губернская земская управа
_cКострома
_dценз. 1876-1917
_tДоклады Костромской губернской земской управы Губернскому земскому собранию [по отдельным вопросам] ...
_v[О деятельности
540 1 _aО деятельности агрономических смотрителей в Костромской губернии за 1900 год
801 0 _aRU
_bNLR
_gpsbo
801 0 _aRU
_bRuMoRGB
_2psbo
801 1 _aRU
_bProSoft-M
_2rusmarc
852 _aNLR
_bЗем
_j17/Д2
899 _aRuMoRGB
_jF 166/1
899 _aRuMoRGB
_jU 47/215
899 _aБАН
899 _aГПИБ
942 _cBOOK
980 _aNB